000 00805nam a2200241 i 4500
001 104959
003 ES-MaACL
005 20250828063250.0
007 t|
008 060601s1950 fr ||||1| fre d
080 _a16
100 1 _aLa Harpe, Jean de
_969159
245 1 3 _aLa logique de l'assertion pure
_b: analyse des opérations fondamentales /
_cpar Jean de La Harpe.
250 _a1ere. ed.
260 _aParis :
_bPresses Universitaires de France,
_c1950.
300 _aVIII, 76 p. ;
_c19 cm.
490 1 _aNouvelle Encyclopédie philosophique ;
_v48
500 _aBiblioteca Jacinto Martínez Lacalle.
650 4 _aLógica.
_914693
830 0 _aNouvelle Encyclopédie philosophique ;
_v48
_9181689
852 _aES-MaACL
_jE-11287
_bR.138953
999 _c104959
_d104959